000 00314nam a2200109Ia 4500
008 220204s9999 xx 000 0 und d
082 _a631:001.814(540)
_bIND
245 0 _aAgricultural research in India: Achievements and outlook
260 _aNew Delhi
_bICAR
_c1972
650 _aAgricultural research
942 _cBK
999 _c22090
_d22090